[Event "TCh-SRB 1st League"]
[Site "Subotica SRB"]
[Date "2008.09.06"]
[Round "6"]
[White "Predojevic,B"]
[Black "Halkias,S"]
[Result "1/2-1/2"]
[WhiteElo "2634"]
[BlackElo "2579"]

1.e4 c5 2.Nf3 Nc6 3.Nc3 Nf6 4.g3 e6 5.Bg2 d5 6.exd5 exd5 7.d4 cxd4 8.Nxd4 Bg4
9.Nde2 Bb4 10.h3 Bxc3+ 11.bxc3 Bf5 12.O-O O-O 13.Bg5 Be4 14.f3 Bg6 15.Rb1 Re8
16.Rf2 b6 17.Nf4 h6 18.Bxf6 Qxf6 19.Nxd5 Qd6 20.Nb4 Qc5 21.Qd5 Qxd5 22.Nxd5 Rac8
23.f4 f6 24.Rd1  1/2-1/2

[Event "6th Master Open"]
[Site "Amantea ITA"]
[Date "2008.09.07"]
[Round "9"]
[White "Bentivegna,F"]
[Black "Shytaj,L"]
[Result "1/2-1/2"]
[WhiteElo "2329"]
[BlackElo "2467"]

1.e4 c5 2.Nf3 Nc6 3.Nc3 d6 4.d4 cxd4 5.Nxd4 Nf6 6.f3 e5 7.Nb3 Be7 8.Be3 O-O
9.Qd2 a5 10.Bb5 Na7 11.Be2  1/2-1/2

[Event "1st Women It"]
[Site "Tashkent UZB"]
[Date "2008.09.07"]
[Round "3"]
[White "Sabirova,O"]
[Black "Levushkina,E"]
[Result "1-0"]
[WhiteElo "2185"]
[BlackElo "2251"]

1.e4 c5 2.Nc3 Nc6 3.Bb5 Nd4 4.Bc4 e6 5.Nge2 Nf6 6.O-O a6 7.a4 Nxe4 8.Nxe4 d5
9.Bd3 dxe4 10.Bxe4 Be7 11.c3 Nf5 12.Bxf5 exf5 13.d4 Be6 14.Be3 cxd4 15.Bxd4 O-O
16.Nf4 Bf6 17.Bxf6 Qxf6 18.Qf3 Bc4 19.Rfd1 Qb6 20.b4 Rad8 21.Nd5 Bxd5 22.Rxd5 Rxd5
23.Qxd5 Qc7 24.Rc1 Rd8 25.Qf3 Qd7 26.a5 g6 27.Re1 Rc8 28.h3 Qc7 29.Re3 b6
30.axb6 Qxb6 31.Qe2 Qc6 32.Qd3 Qa4 33.Qd5 Rf8 34.Qc5 Qd1+ 35.Kh2 Qd2 36.Re7 Qg5
37.g3 Qd2 38.Qe3 Qc2 39.Kg2 h5 40.Re8 Rxe8 41.Qxe8+ Kg7 42.Qe5+ Kg8 43.Qd4 Qb3
44.h4 f4 45.gxf4 Qe6 46.f5 Qxf5 47.c4 Qc8 48.c5 Qc6+ 49.f3 Qa4 50.Qc4 Qc6
51.Qe4 Qd7 52.c6 Qd2+ 53.Kh3 Qd1 54.Kg3 Qd6+ 55.f4 Qd2 56.Qe8+ Kg7 57.Qe5+ Kh7
58.c7 Qc1 59.Kf3 Qd1+ 60.Ke3 Qc1+ 61.Kd4 Qd2+ 62.Kc5 Qd7 63.Kb6 Qc8 64.Qd5 Kg7
65.Qb7 Qe6+ 66.Ka7 Qe3+ 67.Ka8  1-0

[Event "I EDAMI-Cosmocaixa"]
[Site "Barcelona ESP"]
[Date "2008.09.08"]
[Round "1"]
[White "Reinaldo Castineira,R"]
[Black "Alsina Leal,D"]
[Result "1/2-1/2"]
[WhiteElo "2504"]
[BlackElo "2517"]

1.e4 c5 2.Nc3 Nc6 3.Nge2 Nf6 4.d4 cxd4 5.Nxd4 e5 6.Ndb5 d6 7.Bg5 a6 8.Na3 b5
9.Nd5 Be7 10.Bxf6 Bxf6 11.c3 O-O 12.Nc2 Bg5 13.a4 bxa4 14.Rxa4 a5 15.Bc4 Bd7
16.Ra2 a4 17.O-O Na5 18.Bd3 Nb3 19.Nce3 Bxe3 20.Nxe3 Nc5 21.Bc4 Be6 22.Bd5 Rb8
23.Qc2 Qc7 24.Rd1 Rfd8 25.Rd2 Rb5 26.Qd1 Qb8 27.Qf3 Qc7 28.h4 Rdb8 29.g3 Nb3
30.Rd1 Nc5 31.Rd2 Nb3 32.Rd1 Nc5 33.Qe2 a3 34.Rxa3 Rxb2 35.Rd2  1/2-1/2

[Event "FSIMA September"]
[Site "Budapest HUN"]
[Date "2008.09.08"]
[Round "3"]
[White "Lyell,M"]
[Black "Konnyu,J"]
[Result "0-1"]
[WhiteElo "2232"]
[BlackElo "2314"]

1.e4 c5 2.Nc3 Nc6 3.Bb5 Nd4 4.Bc4 g6 5.Nf3 Bg7 6.Nxd4 cxd4 7.Qf3 Nh6 8.Ne2 O-O
9.d3 Ng4 10.Bb3 d6 11.O-O a5 12.a4 Ne5 13.Qg3 Nd7 14.Qh4 Nc5 15.Bg5 Re8 16.Bc4 Be6
17.Bb5 Bd7 18.f4 Bxb5 19.axb5 Ne6 20.Rf3 Rc8 21.c4 dxc3 22.Nxc3 Bxc3 23.bxc3 Rxc3
24.Rh3 h5 25.f5 Nxg5 26.Qxg5 Qb6+ 27.Kh1 Qc5 28.d4 Qxd4 29.fxg6 Rc5 30.gxf7+ Kxf7
31.Rf1+ Ke6 32.Qg6+ Kd7 33.Rxh5 Rxh5 34.Qxh5 Qxe4 35.Qh3+ Kc7 36.Qb3 Kb6
37.h3 Rc8 38.Qg3 Rc2 39.h4 Rc4 40.Qf2+ Rd4 41.Kg1 Qxh4 42.g3 Qg4 43.Rc1 e5
44.Rc3 Qd1+ 45.Kg2 Qd2 46.Qxd2 Rxd2+ 47.Kf3 Kxb5 48.g4 Kb4 49.Rc1 Rd3+ 50.Ke4 Rd4+
51.Kf3 Rf4+ 52.Kg3 b5 53.Rc6 a4 54.Rxd6 a3 55.g5 a2 56.Ra6 Kb3 57.g6 Ra4
58.g7 Rxa6 59.g8=Q+ Kb2 60.Qd5 a1=Q 61.Qxb5+ Kc1 62.Qf1+ Kd2 63.Qg2+ Kc3
64.Qf3+ Kd4 65.Qf2+ Kd5 66.Qf7+ Kc5 67.Qc7+ Kd4 68.Qd8+ Ke3 69.Qg5+ Kd4 70.Qd8+ Ke4
71.Qh4+ Kd3 72.Qh7+ e4 73.Qd7+ Qd4 74.Qb5+ Kd2  0-1

[Event "3rd PGMA Cup"]
[Site "Manila PHI"]
[Date "2008.09.08"]
[Round "2"]
[White "Salubre,J"]
[Black "Zhang Jing"]
[Result "0-1"]
[WhiteElo "2322"]
[BlackElo "2033"]

1.e4 c5 2.Nc3 Nc6 3.Bb5 Nd4 4.Bc4 g6 5.Nf3 Bg7 6.Nxd4 cxd4 7.Qf3 e6 8.Nb5 d6
9.Qg3 e5 10.Qa3 Bf8 11.Qb3 Nh6 12.d3 a6 13.Bxh6 Bxh6 14.Bxf7+ Kf8 15.Na3 Qg5
16.Kf1 Kg7 17.Be6 Rf8 18.Bxc8 Raxc8 19.Qxb7+ Kh8 20.g3 Qe3 21.Kg2 Rxf2+ 22.Kh3 Bf8  0-1

[Event "TCh-SRB 1st League"]
[Site "Subotica SRB"]
[Date "2008.09.08"]
[Round "7"]
[White "Brenjo,S"]
[Black "Simic,R"]
[Result "1-0"]
[WhiteElo "2486"]
[BlackElo "2384"]

1.e4 c5 2.Nf3 Nc6 3.Nc3 e5 4.Bc4 Be7 5.d3 d6 6.O-O Nf6 7.Ng5 O-O 8.f4 Bg4
9.Qe1 exf4 10.Bxf4 Nd4 11.Qd2 Qd7 12.Kh1 b5 13.Bb3 Nxb3 14.axb3 d5 15.h3 h6
16.Nf3 Be6 17.e5 Nh7 18.Ra6 b4 19.Ne2 Qb7 20.Rfa1 Rfc8 21.d4 c4 22.bxc4 dxc4
23.Bxh6 c3 24.bxc3 Bc4 25.R6a5 bxc3 26.Nxc3 gxh6 27.Qxh6 Rc6 28.Qe3 Bb4 29.d5 Rb6
30.d6 Bxa5 31.Rxa5 Ra6 32.Rc5 Rc8 33.Qe4 Rac6 34.Rxc4 Qd7 35.Rxc6 Rxc6 36.Nd5 Kh8
37.Ne7 Rc8 38.Qd4 Qe6 39.Nxc8 Qxc8 40.e6+  1-0

[Event "7th Georgiev - Kesarovski Mem"]
[Site "Sunny Beach BUL"]
[Date "2008.09.08"]
[Round "1"]
[White "Stanojoski,Z"]
[Black "Dimitrov,De"]
[Result "1-0"]
[WhiteElo "2514"]
[BlackElo "2068"]

1.e4 c5 2.Nf3 Nc6 3.Nc3 d6 4.d4 cxd4 5.Nxd4 e5 6.Nb3 Nf6 7.Bg5 Be6 8.Qd2 a6
9.O-O-O Be7 10.Kb1 Qb6 11.f3 O-O 12.Bxf6 Bxf6 13.Qxd6 Be7 14.Qd2 Bb4 15.a3 Rfd8
16.Bd3 Bxc3 17.Qxc3 Bxb3 18.Qxb3 Qxb3 19.cxb3 b5 20.Rc1 Nd4 21.Rc3 Rac8 22.Rhc1 Rxc3
23.Rxc3 Kf8 24.b4 Rd6 25.Kc1 Ke7 26.Kd2 Kd7 27.Ke3 Rc6 28.Bb1 f6 29.f4 Kd6
30.Rxc6+ Nxc6 31.f5 Nd4 32.Ba2 Kc6 33.Kf2 Nc2 34.Kg3 Ne1 35.Bb1  1-0

[Event "I EDAMI-Cosmocaixa"]
[Site "Barcelona ESP"]
[Date "2008.09.09"]
[Round "3"]
[White "Reinaldo Castineira,R"]
[Black "Llaneza Vega,M"]
[Result "0-1"]
[WhiteElo "2504"]
[BlackElo "2468"]

1.e4 c5 2.Nc3 Nc6 3.Nge2 Nd4 4.d3 g6 5.Be3 Bg7 6.Qd2 d6 7.Nd1 Nc6 8.h4 h5
9.g3 Bg4 10.Bg2 Ne5 11.Ng1 Nf6 12.f4 Nc6 13.Nf2 Rc8 14.Nf3 d5 15.Bxc5 b6
16.Ba3 Bxf3 17.Bxf3 Nd4 18.Bd1 Rxc2 19.Qb4 dxe4 20.O-O a5 21.Qe1 Nf3+ 22.Bxf3 exf3
23.Qe5 Re2 24.Qb5+ Qd7 25.Qxd7+ Kxd7 26.Rfe1 Rc8 27.Rxe2 fxe2 28.Kg2 Rc2
29.Re1 Ng4 30.Ne4 f5 31.Nc3 Bxc3 32.bxc3 Rxc3 33.Bc1 Rc2 34.a4 Ra2 35.Kf3 Rc2
36.Ba3 e5 37.fxe5 Nxe5+ 38.Ke3 Ng4+ 39.Kf3 Ra2 40.Bc1 Rxa4 41.Rxe2 Rd4 42.Rd2 b5
43.Bb2 Rd5 44.Kf4 b4 45.Kg5 Rd6 46.Bg7 Kc6 47.Bf8 Rd8 48.Be7 Rd7 49.Bf8 Ne5
50.Rc2+ Kb6 51.d4 Nf3+ 52.Kxg6 Nxd4 53.Rd2 Ne6 54.Bh6 Rxd2 55.Bxd2 b3 56.Bc1 f4
57.gxf4 Nxf4+ 58.Kg5 Ng2 59.Kxh5 Kc5 60.Kg4 Nxh4  0-1

[Event "3rd PGMA Cup"]
[Site "Manila PHI"]
[Date "2008.09.09"]
[Round "4"]
[White "Wen Yang"]
[Black "Pascua,H"]
[Result "1-0"]
[WhiteElo "2487"]
[BlackElo "2174"]

1.e4 c5 2.Nf3 Nc6 3.Nc3 Nf6 4.Bb5 Nd4 5.e5 Nxb5 6.Nxb5 Nd5 7.Ng5 f6 8.exf6 Nxf6
9.O-O Qb6 10.a4 a6 11.Nc3 d5 12.a5 Qc6 13.d4 Bg4 14.Qd3 cxd4 15.Na4 e5 16.h3 Bh5
17.Nb6 Rb8 18.Re1 Bd6 19.Bf4 e4 20.Bxd6 Qxd6 21.Qxd4 Rd8 22.Qa4+ Kf8 23.Qa3 Qxa3
24.Rxa3 Re8 25.h4 Ke7 26.Nf3 Bxf3 27.Rxf3 Kd6 28.Rg3 g6 29.Rd1 Kc6 30.Rc3+ Kd6
31.Rc4 Rd8 32.Rcd4 Kc5 33.c4 Kb4 34.Nxd5+ Nxd5 35.cxd5+ Kxa5 36.Rxe4 Rd7
37.g3 Rhd8 38.Red4 Kb5 39.R4d3 Kc5 40.Rc3+ Kb6 41.Rb3+ Kc5 42.Rc1+ Kxd5 43.Rb6 Ke5
44.Kg2 Rf8 45.Re1+ Kf5 46.Re3 Rff7 47.Rbe6 Rd5 48.f3 h5 49.R3e4 Rd2+ 50.Kh3  1-0

[Event "Open"]
[Site "Herzliya ISR"]
[Date "2008.09.10"]
[Round "7"]
[White "Porat,Dan"]
[Black "Lotsov Har Zahav,A"]
[Result "0-1"]
[WhiteElo "2233"]
[BlackElo "2067"]

1.e4 c5 2.Nf3 Nc6 3.Nc3 e5 4.Bc4 Be7 5.d3 Nf6 6.Nd2 a6 7.a3 d6 8.Nf1 b5 9.Ba2 Be6
10.Ne3 Bxa2 11.Rxa2 Nd4 12.O-O O-O 13.Ne2 d5 14.f3 g6 15.exd5 Nxd5 16.Ng4 Nf6
17.Nh6+ Kg7 18.f4 e4 19.dxe4 Kxh6 20.e5 Kg7 21.Nxd4 cxd4 22.exf6+ Bxf6 23.Qd3 Qd5
24.b3 Rac8 25.Bd2 Qf5 26.h3 Rc6 27.g4 Qxd3 28.cxd3 Rfc8 29.Rb1 Be7 30.Rbb2 f5
31.a4 fxg4 32.axb5 axb5 33.hxg4 h5 34.g5 Bd6 35.Kg2 Rf8 36.Ra7+ Rf7 37.Rba2 Rxa7
38.Rxa7+ Rc7 39.Rxc7+ Bxc7 40.Kf3 Kf7 41.Be1 Ke6 42.Ke4 Bd6 43.Bf2 Bc5 44.Bg3 Bb6
45.Be1 Bc5 46.Ba5 h4 47.Kf3 Kf5 48.Bc7 Ba3 49.Be5 Bc1 50.Bxd4 Bxf4 51.Bb6 Bxg5
52.Bc7 Bf6 53.Bb6 g5  0-1

[Event "IV Geller Memorial"]
[Site "Odessa UKR"]
[Date "2008.09.10"]
[Round "2"]
[White "Loy,K"]
[Black "Fiodorov,M"]
[Result "1/2-1/2"]
[WhiteElo "2104"]
[BlackElo "2230"]

1.e4 c5 2.Nf3 Nc6 3.Nc3 g6 4.d4 cxd4 5.Nxd4 Bg7 6.Be3 Nf6 7.Bc4 Qa5 8.O-O d6
9.h3 O-O 10.Bb3 Bd7 11.Re1 Rfc8 12.a3 Qh5 13.f3 Na5 14.Qd3 Nxb3 15.Nxb3 Be6
16.Nd4 Nd7 17.b3 Ne5 18.Qd2 Nc6 19.Nce2 Qa5 20.Qxa5 Nxa5 21.Rab1 b5 22.Nxb5 Rxc2
23.Ned4 Bxd4 24.Nxd4 Ra2 25.Rec1 Rxa3 26.Rc7 Nxb3 27.Nb5 Ra4 28.Rxe7 a5 29.Nc7 Rb8
30.Nxe6 fxe6 31.Rxe6 Rc4 32.Rxd6 Rb7 33.Ra6 Rc2 34.Bh6 Kf7 35.Kh2 Ke7 36.Kg3 Rc5
37.Kf4 Kd7 38.Bg5 Kc7 39.Rd1 Rc2 40.Kg3 Rb5 41.Bf4+ Kb7 42.Re6 Nc5 43.Re7+ Ka6
44.Re8 Rbb2 45.Ra8+ Kb5 46.Rb8+ Kc4 47.Rxb2 Rxb2 48.Be5 Ra2 49.Bd6 Nb3 50.f4 Rd2
51.Rxd2 Nxd2 52.Kg4 Nxe4 53.Be7 a4 54.f5 gxf5+ 55.Kxf5 Nc5 56.Kg5 a3 57.Kh6 a2
58.Bf6 Na4 59.Ba1 Kb3 60.Kxh7 Kc2 61.g4 Kb1 62.g5 Kxa1 63.g6 Kb2 64.g7 a1=Q
65.g8=Q Qe1 66.Qg4 Nc3 67.Qg2+ Kb3 68.Qg8+ Kc2 69.Qg2+ Ne2 70.Qe4+ Kc3 71.Qe3+ Kc2
72.Qe4+ Kd2 73.Qb4+ Nc3 74.Qf4+ Kc2 75.h4 Qe7+ 76.Kg6 Ne4 77.h5 Qe6+ 78.Kg7 Nd6
79.Qf2+ Kd3 80.Qf1+ Kc2 81.Qf2+ Kb3 82.Qb6+ Kc4 83.Qc6+ Kd4 84.Qb6+ Ke4 85.Qb1+ Kf4
86.Qf1+ Kg5 87.Qg2+ Kxh5 88.Qh2+ Kg4 89.Qg2+ Kf4 90.Qf2+ Ke5 91.Qb2+ Kd5
92.Qb3+ Nc4 93.Qb7+ Kd4 94.Qa7+ Kd3 95.Qf7 Qh3 96.Qg6+ Kd4 97.Qg1+ Ne3 98.Qa1+ Ke4
99.Qa4+ Ke5 100.Qa1+ Kf4 101.Qd4+ Kf3 102.Qd3 Qe6 103.Qc3 Kg4 104.Qb4+ Kh5
105.Qf8 Nf5+ 106.Kh8 Nh6 107.Qf3+ Kg6 108.Qe4+  1/2-1/2

[Event "1st Women It"]
[Site "Tashkent UZB"]
[Date "2008.09.10"]
[Round "6"]
[White "Sabirova,O"]
[Black "Muminova,N"]
[Result "1-0"]
[WhiteElo "2185"]
[BlackElo "2242"]

1.e4 c5 2.Nc3 Nc6 3.Bb5 Nd4 4.Bc4 e6 5.Nge2 Nf6 6.O-O a6 7.a4 d5 8.exd5 exd5
9.Ba2 Bd6 10.d3 Ne6 11.d4 c4 12.f4 h6 13.b3 b5 14.axb5 axb5 15.Nxb5 cxb3
16.Nxd6+ Qxd6 17.cxb3 Ne4 18.f5 N6g5 19.Bf4 Qb6 20.Ng3 Nxg3 21.Bxg3 O-O 22.f6 g6
23.Bf4 Qxf6 24.h4 Ne4 25.Bxh6 Qxh4 26.Bxf8 Kxf8 27.Qf3 f6 28.Qf4 Qh5 29.b4 g5
30.Qh2 Qe2 31.Qh8+ Ke7 32.Rae1 Qxa2 33.Qxf6+ Kd7 34.Qf7+ Kc6 35.Rc1+ Kb5
36.Qe8+ Kxb4 37.Qc6 Ra3 38.Qb6+ Ka4 39.Rxc8  1-0

[Event "II ROMGAZ Open"]
[Site "Bucharest ROU"]
[Date "2008.09.11"]
[Round "1"]
[White "Bachmann,Ax"]
[Black "Constantin,Cl"]
[Result "1-0"]
[WhiteElo "2511"]
[BlackElo "1950"]

1.e4 c5 2.Nc3 Nc6 3.Bb5 d6 4.Nf3 Bg4 5.h3 Bh5 6.g4 Bg6 7.d4 cxd4 8.Nxd4 Qd7
9.h4 h5 10.g5 e5 11.Nb3 a6 12.Be2 f5 13.Nd5 Rd8 14.exf5 Qxf5 15.Be3 Qxc2
16.Nc7+ Kd7 17.Bb6 Qxd1+ 18.Rxd1 Nb4 19.Ne6 Rc8 20.Nxf8+ Rxf8 21.Bc5 Nc2+
22.Kf1 Be4 23.Rxd6+ Kc7 24.Rh3 Rd8 25.Rxd8 Kxd8 26.Bd3 Bxd3+ 27.Rxd3+ Ke8
28.Rd5  1-0

[Event "Open"]
[Site "Herzliya ISR"]
[Date "2008.09.11"]
[Round "8"]
[White "Bitansky,I"]
[Black "Zoler,D"]
[Result "1/2-1/2"]
[WhiteElo "2431"]
[BlackElo "2461"]

1.e4 c5 2.Nc3 Nc6 3.Nf3 d6 4.d4 cxd4 5.Nxd4 Nf6 6.Bc4 e6 7.Bb3 a6 8.O-O Be7
9.Re1 O-O 10.Re3 Qb6 11.Nxc6 bxc6 12.Rg3 Kh8 13.Bg5 c5 14.Qe2 Bb7 15.Re1 Rac8
16.Rh3 Kg8 17.Bc4 Rfe8 18.Bd3 g6 19.e5 dxe5 20.Qxe5 Nd7 21.Qf4 Bxg5 22.Qxg5 Nf8
23.Be4 f5 24.Bxb7 Qxb7 25.Rhe3 Qxb2 26.h4 Qb7 27.h5 Qe7 28.Qf4 Qf7 29.Qd6 gxh5
30.Qxa6 Red8 31.Rg3+ Kh8 32.Qe2 Ng6 33.Qxh5 Rd2 34.Ne2 Rc7 35.Qh6 f4 36.Rf3 e5
37.Nc3 Rcd7 38.Ne4 Rd1 39.Rxd1 Rxd1+ 40.Kh2 Qe7 41.Rh3 Kg8 42.Qh5 Rd8 43.Nxc5 e4
44.Qf5 e3 45.fxe3 fxe3 46.Qe6+ Qxe6 47.Nxe6 e2 48.Re3 Rd2 49.c4 Rxa2 50.Kg1 Rc2
51.c5 Nh4 52.Nd4 Rxc5  1/2-1/2

[Event "3rd PGMA Cup"]
[Site "Manila PHI"]
[Date "2008.09.11"]
[Round "8"]
[White "Branzuela,A"]
[Black "Nguyen Van Huy"]
[Result "1/2-1/2"]
[WhiteElo "2209"]
[BlackElo "2386"]

1.e4 c5 2.Nf3 Nc6 3.Nc3 g6 4.d4 cxd4 5.Nxd4 Bg7 6.Be3 Nf6 7.Nxc6 bxc6 8.e5 Ng8
9.f4 f6 10.exf6 Nxf6 11.Be2 Rb8 12.Rb1 Qa5 13.O-O O-O 14.Qd2 d6 15.Rfe1 c5
16.a3 Kh8 17.b4 cxb4 18.axb4 Rxb4 19.Ra1 Qd8 20.Rxa7 Bf5 21.Bf3 Rb2 22.Bd4 e5
23.fxe5 dxe5 24.Rxe5 Rxc2 25.Qd1 Rc1 26.Qxc1 Qxd4+ 27.Qe3 Qxe3+ 28.Rxe3 Ng4
29.Rxg7 Kxg7 30.Re1 Nf6 31.h3 h5 32.Re5 Re8 33.Ra5 Re3 34.Ne2 Ne4 35.Nd4 Re1+
36.Kh2 Nd2 37.Nxf5+ gxf5 38.Bxh5 f4 39.h4 Nf1+ 40.Kh3 Ne3 41.Kh2 Nf1+ 42.Kh3  1/2-1/2

[Event "61st ch-RUS HL"]
[Site "Novokuznetsk RUS"]
[Date "2008.09.11"]
[Round "8"]
[White "Lastin,A"]
[Black "Smirnov,P"]
[Result "1-0"]
[WhiteElo "2639"]
[BlackElo "2592"]

1.e4 c5 2.Nf3 Nc6 3.Nc3 e5 4.Bc4 Be7 5.d3 d6 6.Nd2 Nf6 7.Nf1 Bg4 8.Qd2 O-O
9.Ne3 Be6 10.O-O Rb8 11.a4 Nb4 12.b3 d5 13.exd5 Nfxd5 14.Ncxd5 Nxd5 15.Bb2 f6
16.Rae1 Rf7 17.f4 exf4 18.Nd1 Qd6 19.Nc3 Nc7 20.Nb5 Qd7 21.Rxe6 Nxe6 22.Re1 Nd4
23.Qxf4 Rd8 24.Nxd4 cxd4 25.Bxd4 Kf8 26.c3 Bd6 27.Qh4 Qf5 28.Rf1 Qg6 29.Bxf7 Kxf7
30.Qh3 b6 31.a5 Bc5 32.Bxc5 bxc5 33.Rf5 h6 34.g4 Kg8 35.Qh5 Qh7 36.Rd5 Rb8
37.Rd7 Kh8 38.Qf7 a6 39.Re7 Qg8 40.Qg6 Qh7 41.Re8+  1-0

[Event "TCh-SRB 1st League"]
[Site "Subotica SRB"]
[Date "2008.09.11"]
[Round "10"]
[White "Perunovic,Mil"]
[Black "Stamenkovic,Dr"]
[Result "1-0"]
[WhiteElo "2589"]
[BlackElo "2412"]

1.e4 c5 2.Nc3 Nc6 3.Bb5 Nd4 4.Bc4 g6 5.Nf3 Bg7 6.Nxd4 cxd4 7.Qf3 Nh6 8.Ne2 O-O
9.c3 dxc3 10.dxc3 d6 11.h3 Qc7 12.Bb3 Be6 13.Bxe6 fxe6 14.Qd3 e5 15.Be3 Nf7
16.h4 Rac8 17.b3 e6 18.h5 g5 19.O-O Bf6 20.Rfd1 Qc6 21.a4 a5 22.c4 Bd8 23.c5 dxc5
24.Bxc5 Qxc5 25.Rac1 Qb6 26.Rxc8 Nd6 27.Ra8 Qxf2+ 28.Kh2 g4 29.Qg3 Qxe2 30.Rxd6 Bg5
31.Rxf8+ Kxf8 32.Qxe5 Qe3 33.Qh8+  1-0

[Event "II ROMGAZ Open"]
[Site "Bucharest ROU"]
[Date "2008.09.12"]
[Round "2"]
[White "Berescu,A"]
[Black "Apostu,T"]
[Result "1-0"]
[WhiteElo "2489"]
[BlackElo "2138"]

1.e4 c5 2.Nc3 Nc6 3.Bb5 g6 4.Bxc6 dxc6 5.d3 Bg7 6.Be3 Bd4 7.Qd2 e5 8.Bg5 Bxc3
9.bxc3 f6 10.Be3 b6 11.c4 Ne7 12.Bh6 Kf7 13.Ne2 Re8 14.O-O g5 15.h4 gxh4
16.f4 Rg8 17.fxe5 Bg4 18.Rxf6+ Ke8 19.Raf1 Qc7 20.e6 Ng6 21.Nf4 Qd6 22.Nxg6 hxg6
23.Rf8+  1-0

[Event "4th ch-EU"]
[Site "Liverpool ENG"]
[Date "2008.09.12"]
[Round "4"]
[White "Paulet,I"]
[Black "Davies,Ni"]
[Result "0-1"]
[WhiteElo "2275"]
[BlackElo "2478"]

1.e4 c5 2.Nc3 Nc6 3.Bb5 Nd4 4.Bc4 e6 5.Nge2 Ne7 6.Nxd4 cxd4 7.Nb5 Nc6 8.c3 Qb6
9.O-O Be7 10.Qg4 O-O 11.Qg3 a6 12.Nxd4 Nxd4 13.cxd4 Qxd4 14.d3 b5 15.Be3 Qxb2
16.e5 bxc4 17.Rab1 Qe2 18.Bh6 g6 19.Bxf8 Bxf8 20.dxc4 Qe4 21.Rfe1 Qc6 22.Rb3 d6
23.Reb1 dxe5 24.Qxe5 Bd6 25.Qe3 Bc7 26.Qd2 h5 27.h3 Bd7 28.Rd1 Be8 29.Qg5 Qxc4
30.g3 Qe2 31.Rc1 Qe5 32.Qh4 Bd8 33.Qb4 Qd5 34.Qc3 Ba5 35.Qb2 Bc6 36.f3 Qd6
37.Kg2 Bd5 38.Rd3 Bc7 39.Qf2 h4 40.gxh4 Qh2+ 41.Kf1 Qh1+ 42.Qg1 Qxh3+ 43.Ke2 Bf4
44.Rc2 Qxh4 45.Rdc3 Kg7 46.Rc8 Rxc8 47.Rxc8 Qf6 48.Qc5 Qb2+ 49.Kf1 Qb1+ 50.Kf2 Qxa2+
51.Kf1 Qb1+ 52.Kf2 Qb2+ 53.Kf1 Qb5+  0-1

[Event "4th ch-EU"]
[Site "Liverpool ENG"]
[Date "2008.09.12"]
[Round "4"]
[White "Trent,L"]
[Black "Calzetta,M"]
[Result "1-0"]
[WhiteElo "2470"]
[BlackElo "2264"]

1.e4 c5 2.Nc3 Nc6 3.Bb5 g6 4.Bxc6 dxc6 5.f4 Bg7 6.Nf3 Bg4 7.h3 Bxf3 8.Qxf3 Nf6
9.d3 O-O 10.O-O c4 11.d4 Qxd4+ 12.Be3 Qd7 13.Rad1 Qc7 14.e5 Nd7 15.h4 f5
16.Nd5 Qd8 17.Nc3 Qc7 18.Nb5 cxb5 19.Qd5+ e6 20.Qxd7 Rf7 21.Qxe6 a6 22.Rd5 Bf8
23.Rfd1 Qe7 24.Qxe7 Bxe7 25.g3 Re8 26.Kf1 Bb4 27.c3 Bf8 28.Rd8 Rxd8 29.Rxd8 Rc7
30.e6  1-0

[Event "3rd PGMA Cup"]
[Site "Manila PHI"]
[Date "2008.09.12"]
[Round "9"]
[White "Branzuela,A"]
[Black "Mallahi,A"]
[Result "0-1"]
[WhiteElo "2209"]
[BlackElo "2393"]

1.e4 c5 2.Nf3 Nc6 3.Nc3 e5 4.Bc4 Be7 5.d3 Nf6 6.O-O O-O 7.Nd5 d6 8.h3 Be6
9.Be3 Bxd5 10.exd5 Nb4 11.c3 Nbxd5 12.Bd2 Nb6 13.Bb3 Qc7 14.Re1 Rfe8 15.Bg5 Nfd7
16.d4 c4 17.Bc2 Bxg5 18.Nxg5 Nf6 19.dxe5 dxe5 20.Qf3 Rad8 21.Re2 Nbd5 22.Rae1 Nf4
23.Re3 h6 24.Ne4 N6d5 25.Qg4 Nxe3 26.Nf6+ Kh8 27.Nxe8 Nxg4 28.Nxc7 Rd2 29.hxg4 Rxc2
30.Rxe5 Rxb2 31.Rf5 Ne2+ 32.Kh2 Nxc3 33.Rxf7 Kg8 34.Rf4 b5 35.Ne6 Re2 36.Rf8+ Kh7
37.Nd8 Ne4 38.f4 Nf6 39.Rf7 c3 40.Rxa7 c2 41.Rc7 Nd5 42.Rc6 Nxf4  0-1

[Event "1st Women It"]
[Site "Tashkent UZB"]
[Date "2008.09.12"]
[Round "8"]
[White "Sabirova,O"]
[Black "Sergeeva,M"]
[Result "0-1"]
[WhiteElo "2185"]
[BlackElo "2325"]

1.e4 c5 2.Nc3 Nc6 3.Bb5 Nd4 4.Bc4 g6 5.Nf3 Bg7 6.Nxd4 cxd4 7.Qf3 Nh6 8.Ne2 O-O
9.d3 Ng4 10.Bb3 d6 11.Qg3 a5 12.a4 Qb6 13.h4 h5 14.Nf4 e6 15.O-O Bd7 16.Bd2 Rfc8
17.f3 Ne5 18.Nh3 Nxd3 19.cxd3 Qxb3 20.Qxd6 Be8 21.Rad1 Bxa4 22.Bc1 Ra6 23.Qe7 Rac6
24.f4 R6c7 25.Qg5 Rc5 26.Qg3 Qa2 27.Rde1 Qb1 28.f5 Rxc1 29.fxe6 Be8 30.Kh2 Rxe1
31.Rxe1 Qxb2 32.exf7+ Bxf7 33.e5 Re8 34.Ng5 Qa2 35.Kh1 Qd5 36.Nf3 a4 37.Re4 a3
38.Rxd4 Bxe5 39.Rxd5 Bxg3 40.Ra5 a2  0-1

[Event "I Liga Seniorow"]
[Site "Ustron POL"]
[Date "2008.09.12"]
[Round "7"]
[White "Zawadzki,S"]
[Black "Janaszak,Daw"]
[Result "1/2-1/2"]
[WhiteElo "2410"]
[BlackElo "2353"]

1.e4 c5 2.Nf3 Nc6 3.Nc3 Nf6 4.Bb5 Qc7 5.O-O Nd4 6.Re1 a6 7.Bf1 d6 8.Nxd4 cxd4
9.Nd5 Nxd5 10.exd5 g6 11.d3 h6 12.Bd2 Bg7 13.c4 O-O 14.b4 b6 15.Qb3 e5 16.dxe6 fxe6
17.Be2 Kh7 18.Bg4 e5 19.Bxc8 Raxc8 20.f3 g5 21.h3 Qb7 22.Qd1 Rc7 23.Rc1 Rfc8
24.Qe2 d5 25.a4 dxc4 26.dxc4 Qc6 27.b5 axb5 28.cxb5 Qg6 29.Rxc7 Rxc7 30.Rc1 Rxc1+
31.Bxc1 Qd6 32.Qd3+ Kh8 33.Ba3 Qc7 34.Kf2 Qf7 35.Ke1 Qa2 36.Kf1 Qa1+ 37.Kf2 Qa2+
38.Kf1 Qa1+ 39.Kf2 Qa2+ 40.Kf1  1/2-1/2

[Event "IV Geller Memorial"]
[Site "Odessa UKR"]
[Date "2008.09.13"]
[Round "5"]
[White "Romcovici,V"]
[Black "Kurayan,R"]
[Result "0-1"]
[WhiteElo "2222"]
[BlackElo "2155"]

1.e4 c5 2.Nc3 Nc6 3.Bb5 Nd4 4.Bc4 g6 5.Nce2 Bg7 6.c3 Nxe2 7.Nxe2 e6 8.d4 cxd4
9.Nxd4 Ne7 10.Nb5 O-O 11.Nd6 Qb6 12.Bb3 Qc6 13.Bg5 Nf5 14.Nxf5 gxf5 15.O-O fxe4
16.Qd2 f6 17.Bh6 Rf7 18.f3 b6 19.fxe4 Qxe4 20.Rf3 Bxh6 21.Qxh6 Bb7 22.Raf1 Kh8
23.Qd2 Rg8 24.g3 Qh4 25.Re3 Rfg7 26.Qd6 Qh3 27.Rf2 Rg5 28.Qxd7 Rxg3+  0-1

[Event "XXV Aniversario"]
[Site "Parla ESP"]
[Date "2008.09.13"]
[Round "8"]
[White "Starostits,I"]
[Black "Diamant,A"]
[Result "0-1"]
[WhiteElo "2497"]
[BlackElo "2393"]

1.e4 c5 2.Nc3 Nc6 3.Bb5 Nd4 4.Bc4 e6 5.Nge2 Ne7 6.Nxd4 cxd4 7.Ne2 Nc6 8.O-O Bc5
9.d3 O-O 10.Nf4 Na5 11.Nh5 Nxc4 12.dxc4 Qe7 13.e5 Kh8 14.Rb1 a5 15.b4 axb4
16.Rb3 f5 17.exf6 Rxf6 18.Nxf6 Qxf6 19.Qh5 b6 20.Rf3 Qd8 21.Bh6 Qg8 22.Bxg7+ Qxg7
23.Rf7 Qg6 24.Qe5+ Kg8 25.Rf3 Ra3 26.Rxa3 bxa3 27.Qb8 Qe8 28.Qg3+ Kf8 29.Qf4+ Ke7
30.Qh4+ Kd6 31.Qxh7 Kc7 32.h4 Ba6 33.c3 dxc3 34.Qd3 Qh8 35.Rd1 Qd4 36.Qg3+ Bd6
37.Qf3 Bb7 38.Qe2 Qe4 39.Qf1 c2  0-1

[Event "I Liga Seniorow"]
[Site "Ustron POL"]
[Date "2008.09.13"]
[Round "8"]
[White "Janaszak,Daw"]
[Black "Kanarek,M"]
[Result "1/2-1/2"]
[WhiteElo "2353"]
[BlackElo "2349"]

1.e4 c5 2.Nf3 Nc6 3.Nc3 g6 4.Bb5 Bg7 5.O-O d6 6.e5 d5 7.d4 a6 8.Bxc6+ bxc6
9.dxc5 Bg4 10.Re1 Qb8 11.Rb1 Bxf3 12.Qxf3 Bxe5 13.Bg5 h6 14.Bh4 Bxh2+ 15.Kh1 Qf4
16.Qh3 g5 17.Bxg5 Qxg5 18.Qxh2 e6 19.Re3 Ne7 20.Ne2 Nf5 21.Rb3 Rg8 22.Rg1 Qd2
23.Nf4 Qxf2 24.Nh5 Rg5 25.Rb8+ Rxb8 26.Qxb8+ Kd7 27.Qb7+ Kd8 28.Qb8+ Kd7
29.Qb7+ Kd8 30.Qb8+  1/2-1/2

[Event "II ROMGAZ Open"]
[Site "Bucharest ROU"]
[Date "2008.09.14"]
[Round "4"]
[White "Berescu,A"]
[Black "Luncasu,R"]
[Result "1-0"]
[WhiteElo "2489"]
[BlackElo "2185"]

1.e4 c5 2.Nc3 Nc6 3.Bb5 d6 4.Bxc6+ bxc6 5.d3 g6 6.Nge2 Bg7 7.O-O Nf6 8.h3 O-O
9.Be3 Rb8 10.b3 h6 11.f4 Kh7 12.Qe1 Nd7 13.f5 e6 14.Qg3 Ne5 15.fxg6+ fxg6
16.Rxf8 Qxf8 17.Rf1 Qg8 18.Na4 Bd7 19.Nxc5 dxc5 20.Bf4 Qh8 21.Bxe5 Bxe5 22.Rf7+ Bg7
23.Rxd7 Rf8 24.Nf4 Rf6 25.e5 Rxf4 26.Qxf4 Qb8 27.Qf6  1-0

[Event "IV Geller Memorial"]
[Site "Odessa UKR"]
[Date "2008.09.14"]
[Round "6"]
[White "Loy,K"]
[Black "Molnar,P SVK"]
[Result "1/2-1/2"]
[WhiteElo "2104"]
[BlackElo "2306"]

1.e4 c5 2.Nf3 Nc6 3.Nc3 a6 4.g3 e6 5.Bg2 d6 6.O-O Be7 7.d4 cxd4 8.Nxd4 Bd7
9.Nxc6 Bxc6 10.Qg4 h5 11.Qe2 h4 12.Bf4 hxg3 13.fxg3 e5 14.Be3 Nf6 15.Rad1 Qd7
16.Rf5 Qc8 17.Bg5 Qc7 18.Bxf6 Bxf6 19.Kh1 O-O-O 20.Rf3 Kb8 21.Nd5 Bxd5 22.Rxd5 Rc8
23.Rc3 Qb6 24.Rb3  1/2-1/2

[Event "IV Geller Memorial"]
[Site "Odessa UKR"]
[Date "2008.09.14"]
[Round "6"]
[White "Shilin,D"]
[Black "Goreskul,A"]
[Result "1-0"]
[WhiteElo "2393"]
[BlackElo "2200"]

1.e4 c5 2.Nc3 Nc6 3.Bb5 Nd4 4.Ba4 a6 5.d3 e6 6.Nge2 Ne7 7.Nxd4 cxd4 8.Ne2 Nc6
9.O-O Bc5 10.f4 d5 11.Ng3 dxe4 12.Nxe4 Be7 13.Bd2 O-O 14.Qh5 f5 15.Ng5 h6
16.Rae1 Rf6 17.Nxe6 Bxe6 18.Rxe6 Qd7 19.Rfe1 b5 20.Bb3 Kh8 21.Rxf6 Bxf6 22.Be6 Qd6
23.Bxf5 Ne7 24.Re6 Qd5 25.Rxf6 gxf6 26.Qxh6+ Kg8 27.Be4  1-0

[Event "Autumn-3"]
[Site "Alushta UKR"]
[Date "2008.09.15"]
[Round "2"]
[White "Khudiakov,A"]
[Black "Amanov,M"]
[Result "0-1"]
[WhiteElo "2164"]
[BlackElo "2385"]

1.e4 c5 2.Nc3 Nc6 3.Bb5 Nd4 4.Bc4 g6 5.Nf3 Bg7 6.Nxd4 cxd4 7.Qf3 Nf6 8.Ne2 e5
9.d3 b5 10.Bb3 Bb7 11.h4 d5 12.Ng3 dxe4 13.dxe4 h5 14.O-O O-O 15.Bg5 Qb6
16.Rfe1 Rac8 17.a4 b4 18.Nf1 Rc7 19.Nd2 Rfc8 20.g3 a5 21.Bxf6 Bxf6 22.Rad1 Bg7
23.Qd3 Ba6 24.Qf3 Bh6 25.Kh2 Kg7 26.Kg2 Qf6 27.Qxf6+ Kxf6 28.Kf3 Rxc2 29.Bxc2 Rxc2
30.Rc1 d3 31.Rxc2 dxc2 32.Nb3 Bc4 33.Nc1 b3  0-1